| 000 | 00624nam a22002057a 4500 | ||
|---|---|---|---|
| 003 | BD-DhUL | ||
| 005 | 20190730152637.0 | ||
| 008 | 190730s2017 bg |||| |||| 00| 0 ben | ||
| 020 | _a9848660178(hbk) | ||
| 040 |
_aBD-DhUL _cBD-DhUL |
||
| 082 |
_a891.443 _bZAD |
||
| 100 | 0 | _aযাযাবর। | |
| 245 |
_aদৃষ্টিপাত / _cযাযাবর |
||
| 260 |
_aঢাকা : _bনব প্রকাশ, _c২০১৭. |
||
| 300 |
_a৯৬ পৃ. ; _c ২২ সেমি |
||
| 365 |
_aBDT _b150 |
||
| 650 | 0 | _aবাংলা উপন্যাস। | |
| 650 | 0 | _aBengali fiction | |
| 942 |
_2ddc _cBK |
||
| 999 |
_c249121 _d249121 |
||